|
|
|
|
| LEADER |
01903nam a2200433 a 4500 |
| 001 |
EBC731280 |
| 003 |
MiAaPQ |
| 005 |
20200520144314.0 |
| 006 |
m o d | |
| 007 |
cr cn||||||||| |
| 008 |
100408s2010 si sb 001 0 eng |
| 010 |
|
|
|z 2010013919
|
| 015 |
|
|
|a GBB053650
|2 bnb
|
| 016 |
7 |
|
|z 015536198
|2 Uk
|
| 020 |
|
|
|z 9789814295253
|
| 020 |
|
|
|z 9814295256
|
| 035 |
|
|
|a (MiAaPQ)EBC731280
|
| 035 |
|
|
|a (Au-PeEL)EBL731280
|
| 035 |
|
|
|a (CaPaEBR)ebr10422542
|
| 035 |
|
|
|a (CaONFJC)MIL276348
|
| 035 |
|
|
|a (OCoLC)670429586
|
| 040 |
|
|
|a MiAaPQ
|c MiAaPQ
|d MiAaPQ
|
| 043 |
|
|
|a e-uk-en
|
| 050 |
|
4 |
|a HC253
|b .J66 2010
|
| 082 |
0 |
4 |
|a 330.942/08
|2 22
|
| 100 |
1 |
|
|a Jones, E. L.
|q (Eric Lionel)
|
| 245 |
1 |
0 |
|a Locating the industrial revolution
|h [electronic resource] :
|b inducement and response /
|c Eric L. Jones.
|
| 260 |
|
|
|a Singapore ;
|a Hackensack, NJ :
|b World Scientific,
|c c2010.
|
| 300 |
|
|
|a vii, 272 p.
|
| 504 |
|
|
|a Includes bibliographical references and index.
|
| 505 |
0 |
|
|a The view from Little England -- The anomaly of the South -- Scarce resources? -- Possible explanations -- Further possibilities -- Prosperity, poverty and bourgeois values -- De-industrialisation and the landed system -- Politics and ideas -- Transport and marketing -- The pace of change -- North and South.
|
| 533 |
|
|
|a Electronic reproduction. Ann Arbor, MI : ProQuest, 2015. Available via World Wide Web. Access may be limited to ProQuest affiliated libraries.
|
| 650 |
|
0 |
|a Industrialization
|z England
|x History.
|
| 650 |
|
0 |
|a Economic development
|z England
|x History.
|
| 651 |
|
0 |
|a England, Northern
|x Economic conditions
|x Regional disparities.
|
| 651 |
|
0 |
|a England, Southern
|x Economic conditions
|x Regional disparities.
|
| 655 |
|
4 |
|a Electronic books.
|
| 710 |
2 |
|
|a ProQuest (Firm)
|
| 856 |
4 |
0 |
|u https://ebookcentral.proquest.com/lib/matrademy/detail.action?docID=731280
|z Click to View
|